000 00531nam a2200217Ia 4500
003 OSt
005 20220926044822.0
006 a|||||r|||| 00| 0
007 ta
008 220923b |||||||| |||| 00| 0 eng d
037 _cGeneral Book
040 _aRTL
_cRTL
_beng
041 _2eng
_aeng
082 _aX9Da72:N4, H6
100 _aAhuja M R
_9349444
245 0 _aCapital Goods Fram
260 _c1946
300 _a25p
_ccm.
942 _hX9Da72:N4, H6
_cGB
_2CC
999 _c675880
_d675880